000 00625nam a2200229Ia 4500
003 OSt
005 20220926040240.0
006 a|||||r|||| 00| 0
007 ta
008 220923b |||||||| |||| 00| 0 eng d
037 _cGeneral Book
040 _aRTL
_cRTL
_beng
041 _2eng
_aeng
082 _aB28, K3
100 _aCahen Leonard S
_9343388
245 0 _aApplications and problems in elementary statistics
260 _c1963
650 _aStatistics
_935791
700 _a Hansen Duncan N
_9343389
942 _hB28, K3
_cGB
_2CC
999 _c664303
_d664303